000 00279 a2200109 4500
999 _c322953
_d322953
001 87880
003 NUST
082 _a623.7469 BEN
100 _aBenjamir Medea
_99728
245 _aDrone Warefare Killing by Remote Control
260 _aIndia
_bHarper Collins
_c2012
942 _aCAE NUST
_cBK
_k623.7469 BEN
_2ddc